Essentials of marketing : a marketing strategy planning approach / (Record no. 296)

000 -LEADER
fixed length control field 00894cam a2200277 a 4500
001 - CONTROL NUMBER
control field 15845134
003 - CONTROL NUMBER IDENTIFIER
control field OSt
005 - DATE AND TIME OF LATEST TRANSACTION
control field 20140116120823.0
008 - FIXED-LENGTH DATA ELEMENTS--GENERAL INFORMATION
fixed length control field 090731s2010 nyua b 001 0 eng
010 ## - LIBRARY OF CONGRESS CONTROL NUMBER
LC control number 2009031814
020 ## - INTERNATIONAL STANDARD BOOK NUMBER
International Standard Book Number 9780070172463
035 ## - SYSTEM CONTROL NUMBER
System control number (OCoLC)ocn286444528
040 ## - CATALOGING SOURCE
Original cataloging agency DLC
Transcribing agency DLC
Modifying agency YDX
-- CDX
-- DLC
050 00 - LIBRARY OF CONGRESS CALL NUMBER
Classification number HF5415.P47 2010
100 1# - MAIN ENTRY--PERSONAL NAME
Personal name Perreault, William D.
245 10 - TITLE STATEMENT
Title Essentials of marketing : a marketing strategy planning approach /
Statement of responsibility, etc William D. Perreault, Jr., Joseph P. Cannon, E. and Jerome McCarthy.
250 ## - EDITION STATEMENT
Edition statement 12th ed.
260 ## - PUBLICATION, DISTRIBUTION, ETC. (IMPRINT)
Place of publication, distribution, etc New York :
Name of publisher, distributor, etc McGraw-Hill/Irwin,
Date of publication, distribution, etc 2010.
300 ## - PHYSICAL DESCRIPTION
Extent xxxix, 691 p. :
Other physical details ill. (some col.)
504 ## - BIBLIOGRAPHY, ETC. NOTE
Bibliography, etc Includes bibliographical references and indexes.
650 #0 - SUBJECT ADDED ENTRY--TOPICAL TERM
Topical term or geographic name as entry element Marketing.
700 1# - ADDED ENTRY--PERSONAL NAME
Personal name Cannon, Joseph P.,
700 1# - ADDED ENTRY--PERSONAL NAME
Personal name McCarthy, E. Jerome
Fuller form of name (Edmund Jerome)
942 ## - ADDED ENTRY ELEMENTS (KOHA)
Source of classification or shelving scheme
Koha item type Book
Holdings
Withdrawn status Lost status Source of classification or shelving scheme Damaged status Not for loan Home library Current library Date acquired Source of acquisition Total Checkouts Full call number Barcode Date last seen Date checked out Copy number Price effective from Koha item type
          Riara University Library Riara University Library 15/10/2011 Purchase 10 HF5415.P47 2010 2818/11 02/04/2015 18/03/2015 C.1 15/10/2011 Book
          Riara University Library Riara University Library 15/10/2011 Purchase 5 HF5415.P47 2010 2819/11 02/07/2019 24/06/2019 C.2 15/10/2011 Book
          Riara University Library Riara University Library 15/10/2011 Purchase 4 HF5415.P47 2010 2730/11 21/06/2016 15/06/2016 C.3 15/10/2011 Book

Riara University Library,
P.O. Box 49940-00100,
Nairobi, Kenya.